Robinson Crusoe (Registro nro. 1797)
[ vista simple ]
| 000 - LÍDER | |
|---|---|
| campo de control de longitud fija | 00962nam a2200289Ia 4500 |
| 005 - FECHA Y HORA DE LA ÚLTIMA TRANSACCIÓN | |
| campo de control | 20210727153051.0 |
| 008 - ELEMENTOS DE DATOS DE LONGITUD FIJA - INFORMACIÓN GENERAL | |
| campo de control de longitud fija | 121119s1992 ck a gr 000 f spa |
| 020 ## - INTERNATIONAL STANDARD BOOK NUMBER | |
| International Standard Book Number | 9586332225 |
| 041 1# - CÓDIGO DE LENGUAJE | |
| Código de idioma de texto / pista de sonido o título separado | spa |
| 040 ## - FUENTE DE CATALOGACIÓN | |
| Agencia de catalogación original | CO-BoRNBP |
| Lenguaje de catalogación | spa |
| Descripción convenciones | rda |
| Agencia de transcripción | CO-BoRNBP |
| 084 ## - OTRO NÚMERO DE CLASIFICACIÓN | |
| Número de clasificación | N DEF1 |
| 100 1# - ENTRADA PRINCIPAL - NOMBRE PERSONAL | |
| Nombre de la persona | Defoe, Daniel |
| Fechas asociadas a un nombre | 1660-1731 |
| 245 10 - TÍTULO DECLARACIÓN | |
| Título | Robinson Crusoe |
| Declaración de responsabilidad | Daniel Defoe ; ilustraciones, J. J. Grandville ; traducción, Martha Eguia ; apéndice, Emilio Pascual |
| 250 ## - DECLARACIÓN DE EDICIÓN | |
| Sentencia de edición | Primera edición |
| 264 ## - AVISO DE PRODUCCIÓN, PUBLICACIÓN, DISTRIBUCIÓN, FABRICACIÓN Y DERECHOS DE AUTOR | |
| Lugar de producción | Bogotá |
| Nombre del productor | Rei andes |
| Fecha de producción | 1992 |
| 300 ## - DESCRIPCIÓN FÍSICA | |
| Alcance | 328 páginas |
| Otros datos físicos | ilustraciones |
| Dimensiones | 19 cm |
| 336 ## - TIPO DE CONTENIDO | |
| Tipo de contenido | texto |
| Código de tipo de contenido | txt |
| Fuente | rdacontent |
| 337 ## - TIPO DE MEDIO | |
| Término del tipo de medio | sin mediación |
| Código de tipo de medio | n |
| Fuente | rdamedia |
| 338 ## - TIPO DE PORTADOR | |
| Término del tipo de operador | volumen |
| Código de tipo de operador | nc |
| Fuente | rdacarrier |
| 650 14 - ENTRADA DE SUJETO AÑADIDO - TÉRMINO TÓPICO | |
| Término tópico o elemento de entrada del nombre geográfico | Novela inglesa |
| Fuente del título o término | LEMB |
| 650 14 - ENTRADA DE SUJETO AÑADIDO - TÉRMINO TÓPICO | |
| Término tópico o elemento de entrada del nombre geográfico | Literatura inglesa |
| Fuente del título o término | LEMB |
| 650 14 - ENTRADA DE SUJETO AÑADIDO - TÉRMINO TÓPICO | |
| Término tópico o elemento de entrada del nombre geográfico | Historia de aventuras |
| Fuente del título o término | LEMB |
| 700 1# - ENTRADA AGREGADA - NOMBRE PERSONAL | |
| Nombre de la persona | Grandville, J. J. |
| Término del Relator | ilustrador |
| 700 1# - ENTRADA AGREGADA - NOMBRE PERSONAL | |
| Nombre de la persona | Eguia, Martha |
| Fechas asociadas a un nombre | Martha |
| Término del Relator | traductor |
| 700 1# - ENTRADA AGREGADA - NOMBRE PERSONAL | |
| Nombre de la persona | Pascual, Emilio |
| 942 ## - ELEMENTOS DE ENTRADA AGREGADOS (KOHA) | |
| Fuente de clasificación o esquema de estanterías | |
| Tipo de artículo Koha | Literartura |
| Estado de retirada | Pérdida de estatus | Fuente de clasificación o esquema de estanterías | Estado dañado | No para préstamo | Código de recogida | Ubicación permanente | Ubicación actual | Ubicación de las estanterías | Fecha de adquisición | Fuente de adquisición | Número de control de estanterías | Número Topográfico | Código de barras | Precio efectivo desde | Número de copia | Fecha de la última vez que se vio | Tipo de artículo Koha | Total de Cajas |
|---|---|---|---|---|---|---|---|---|---|---|---|---|---|---|---|---|---|---|
| Dewey Decimal Classification | General | Biblioteca Pública Municipal Francisco Jaramillo Ochoa | Biblioteca Pública Municipal Francisco Jaramillo Ochoa | 03/01/2024 | Dotacion Ministerio de Cultura | N DEF1 | LAVI10 - 1896 | 03/01/2024 | Ej. 1 | 03/01/2024 | Literartura | |||||||
| Dewey Decimal Classification | Infantil | Biblioteca Pública Municipal Isaías Naranjo Ríos | Biblioteca Pública Municipal Isaías Naranjo Ríos | Área Infantil | 03/10/2000 | Dotación ministerio de cultura | N DEF1 | API01 - 1016 | 12/08/2024 | Ej.1 | 12/08/2024 | Literartura | ||||||
| Dewey Decimal Classification | General | Biblioteca Pública Municipal León de Greiff | Biblioteca Pública Municipal León de Greiff | Área General | 13/02/2023 | Dotación Ministerio de Cultura-Biblioteca Nacional | 4 | N DEF1 | MAR11 - 0606 | 13/02/2023 | Ej.: 1 | 13/02/2023 | Literartura |